<?xml version="1.0" encoding="UTF-8"?>
<marc:record xmlns:marc="http://www.loc.gov/MARC21/slim">
   <marc:leader>00000nam a2200000 a 4500</marc:leader>
   <marc:datafield ind1="1" ind2=" " tag="100">
      <marc:subfield code="a">Börjlind, Cilla</marc:subfield>
      <marc:subfield code="4">aut</marc:subfield>
      <marc:subfield code="e">Verfasser/-in</marc:subfield>
   </marc:datafield>
   <marc:datafield ind1=" " ind2=" " tag="653">
      <marc:subfield code="a">Schweden</marc:subfield>
   </marc:datafield>
   <marc:datafield ind1=" " ind2=" " tag="653">
      <marc:subfield code="a">Krimi</marc:subfield>
   </marc:datafield>
   <marc:datafield ind1=" " ind2=" " tag="653">
      <marc:subfield code="a">Kriminalroman</marc:subfield>
   </marc:datafield>
   <marc:datafield ind1=" " ind2=" " tag="653">
      <marc:subfield code="a">Flüchtlingsproblematik</marc:subfield>
   </marc:datafield>
   <marc:datafield ind1="0" ind2="0" tag="245">
      <marc:subfield code="a">Das Schlaflied</marc:subfield>
   </marc:datafield>
   <marc:datafield ind1="0" ind2="0" tag="245">
      <marc:subfield code="b">Kriminalroman; Band 4</marc:subfield>
   </marc:datafield>
   <marc:datafield ind1=" " ind2="1" tag="264">
      <marc:subfield code="b">btb</marc:subfield>
      <marc:subfield code="c">2016</marc:subfield>
   </marc:datafield>
   <marc:datafield ind1="1" ind2=" " tag="490">
      <marc:subfield code="a">Olivia Rönning</marc:subfield>
   </marc:datafield>
   <marc:datafield ind1="1" ind2=" " tag="520">
      <marc:subfield code="a">Klappentext: Am Stockholmer Hauptbahnhof herrscht Chaos. Ein Mädchen im Strom der Asylsuchenden schlägt sich ganz alleine durch. Aus Angst vor den Behörden lebt sie mehr schlecht als recht auf den Straßen Stockholms - bis sie auf die Obdachlose Muriel trifft, die sich ihrer annimmt. Gemeinsam suchen sie Zuflucht in einer einsamen Hütte auf dem Land. Aber ist es in den Wäldern Smalands wirklich sicherer als auf den Straßen von Stockholm? Zur selben Zeit versucht der frühere Kriminalkommissar - und frühere Obdachlose - Tom Stilton seinen Polizeikollegen zu beweisen, dass er wieder ganz auf der Höhe ist. Er soll dabei helfen, den grausamen Tod eines Jungen aufzuklären, der vergraben im Wald gefunden wurde. Wenig später bittet ihn Muriel um Hilfe, weil sie ihren Schützling in Gefahr glaubt. Haben die Fälle etwa miteinander zu tun? Tom Stilton und Olivia Rönning kommen der Wahrheit nur langsam auf die Spur ...  Über den Autor und weitere Mitwirkende Cilla und Rolf Börjlind gelten als Schwedens wichtigste und bekannteste Drehbuchschreiber für Kino und Fernsehen. Sie sind unter anderem verantwortlich für zahlreiche Martin-Beck-Folgen sowie für die viel gepriesene Arne-Dahl-Serie. Ihr Markenzeichen sind starke Charaktere und eine stringente Handlung. "Die Springflut" ist der Start einer Serie um die angehende Polizistin Olivia Rönning.  Cilla und Rolf Börjlind gelten als Schwedens wichtigste und bekannteste Drehbuchschreiber für Kino und Fernsehen. Sie sind unter anderem verantwortlich für zahlreiche Martin-Beck-Folgen sowie für die viel gepriesene Arne-Dahl-Serie. Ihr Markenzeichen sind starke Charaktere und eine stringente Handlung.</marc:subfield>
   </marc:datafield>
   <marc:datafield ind1=" " ind2=" " tag="020">
      <marc:subfield code="a">9783442757169</marc:subfield>
      <marc:subfield code="9">9783442757169</marc:subfield>
   </marc:datafield>
</marc:record>
